Pilot/air traffic controllers communications issues : hearing before the Subcommittee on Aviation of the Committee on Public Works and Transportation, One Hundred First Congress, second session, May 24, 1990.

Bibliographic Details
Corporate Authors: United States. Congress. House. Committee on Public Works and Transportation. Subcommittee on Aviation, ProQuest (Firm)
Format: Government Document eBook
Language:English
Published: Washington : U.S. G.P.O., 1991.
Series:U.S. Congressional Hearings.
Subjects:
Online Access:Connect to the full text of this electronic book

MARC

Tag First Indicator Second Indicator Subfields
LEADER 00000cam a22000001a 4500
001 in00003288685
006 m d f
007 cr bn mmmapmmp
008 091021s1991 dcua o f000 0 eng d
005 20260504162459.0
035 |a cis2007458694 
040 |a UMI  |c UMI  |d UtOrBLW 
043 |a n-us--- 
074 |a 1024-A, 1024-B (MF) 
086 0 |a Y 4.P 96/11:101-77 
088 |a 101-77 (United States. Congress. House. Committee on Public Works and Transportation) 
099 |a HRG-1990-PWT-0033 
110 1 |a United States.  |b Congress.  |b House.  |b Committee on Public Works and Transportation.  |b Subcommittee on Aviation. 
245 1 0 |a Pilot/air traffic controllers communications issues :  |b hearing before the Subcommittee on Aviation of the Committee on Public Works and Transportation, One Hundred First Congress, second session, May 24, 1990. 
264 1 |a Washington :  |b U.S. G.P.O.,  |c 1991. 
300 |a 1 online resource. 
336 |a text  |b txt  |2 rdacontent 
337 |a computer  |b c  |2 rdamedia 
338 |a online resource  |b cr  |2 rdacarrier 
500 |a Record is based on bibliographic data in ProQuest Congressional Hearings Digital Collection. Reuse except for individual research requires license from ProQuest, LLC. 
538 |a System requirements: PDF reader software. 
500 |a Electronic resource. 
650 0 |a Air traffic controllers  |z United States. 
650 0 |a Air pilots  |z United States. 
650 0 |a Aeronautics  |x Safety measures. 
655 7 |a Electronic books.  |2 local 
710 2 |a ProQuest (Firm) 
776 0 8 |i Print version:  |a United States. Congress. House. Committee on Public Works and Transportation. Subcommittee on Aviation.  |t Pilot/air traffic controllers communications issues  |w (DGPO)91074883  |w (OCoLC)23860084 
776 0 8 |i Microfiche version:  |a United States. Congress. House. Committee on Public Works and Transportation. Subcommittee on Aviation.  |t Pilot/air traffic controllers communications issues.  |d [Bethesda, Md.] : ProQuest,[2004]  |o CIS 91 H641-33  |w (ProQuest)cis09101229 
830 0 |a U.S. Congressional Hearings. 
856 4 0 |u http://proxy.library.tamu.edu/login?url=https://congressional.proquest.com/congcomp/getdoc?HEARING-ID=HRG-1990-PWT-0033  |z Connect to the full text of this electronic book  |t 0 
998 |a cis09101229 
999 |a MARS 
999 f f |s 98b05bb9-c8da-3100-837b-68555a60270e  |i 25f43f14-1d94-302d-a1dd-b308773b1a3d  |t 0 
952 f f |a Texas A&M University  |b College Station  |c Electronic Resources  |s www_evans  |d Available Online  |t 0  |e HRG-1990-PWT-0033  |h Other scheme 
998 f f |a HRG-1990-PWT-0033  |t 0  |l Available Online